| 000 | 01249nam a22003257i 4500 | ||
|---|---|---|---|
| 003 | EG-GICUC | ||
| 005 | 20260407233305.0 | ||
| 008 | 260316t1980 ua|||||f |||| 00| 0 ara d | ||
| 040 |
_a EG-GICUC _bara _c EG-GICUC _d EG-GICUC _erda |
||
| 043 | _af-ua--- | ||
| 082 | 0 | 4 |
_221 _a343.81 |
| 092 | 0 | 4 | _221 |
| 099 | _aLaw1 10 343.81 1980 م و . ب | ||
| 100 | 0 | _aالدموريش، ريجنالد | |
| 245 | 1 | 2 |
_aالبوليس والكشف عن الجريمة اليوم / _cتأليف ريجنالد موريش؛ ترجمة عبدالمنصف محمود، أمين خيرت الغندور. |
| 264 |
_aالقاهرة: _bمكتبة النهضة المصرية: _c[1980]. |
||
| 300 |
_a172 صفحة _c24 سم |
||
| 336 |
_2rda content _atext |
||
| 337 |
_2rda media _aComputer |
||
| 338 |
_2rda carrier _aOnline Resource |
||
| 500 | _aيوجد صفحة للتصويبات | ||
| 650 | 1 | 4 |
_aعلم البوليس العلمي _2qrmak |
| 650 | 1 | 4 | _aالتحقيق الجنائي الفني |
| 651 | 1 | _2qrmak | |
| 700 | 1 |
_aعبدالمنصف محمود _eمترجم. |
|
| 700 | 1 |
_aأمين خيرت الغندور _eمترجم. |
|
| 856 | 4 | 0 | _uhttps://fll.law.cu.edu.eg/fulltext/bks/B10-08863.pdf |
| 905 |
_a17 _eYara |
||
| 942 |
_2ddc _cBK _e21 _n0 |
||
| 999 |
_c66367 _d66367 |
||